Tiszatáj 1973/7
Elmentve itt :
| Dokumentumtípus: | Folyóirat |
|---|---|
| Megjelent: |
1973
|
| Sorozat: | Tiszatáj
27 No. 7 |
| Online Access: | http://tiszataj.bibl.u-szeged.hu/160 |
| LEADER | 00437nas a2200145 i 4500 | ||
|---|---|---|---|
| 001 | tisza160 | ||
| 005 | 20200415090942.0 | ||
| 008 | 160906s1973 hu o 0|| hun d | ||
| 022 | |a 0133-1167 | ||
| 040 | |a SZTE Tiszatáj Archívum |b hun | ||
| 041 | |a hun | ||
| 245 | 0 | 0 | |a Tiszatáj 1973/7 |h [elektronikus dokumentum] |
| 260 | |c 1973 | ||
| 490 | 0 | |a Tiszatáj |v 27 No. 7 | |
| 856 | 4 | 0 | |u http://tiszataj.bibl.u-szeged.hu/160/1/tiszataj_1973_007.pdf |z Dokumentum-elérés |